[Event "Stay Safe Play From Home 326"]
[Site "Mustafa Kemal Atatürk"]
[Date "2020.07.23"]
[Round "1"]
[White "Mepe_Nika"]
[Black "Edmatuag"]
[Result "1-0"]
[WhiteElo "2388"]
[BlackElo "1689"]
[PlyCount "71"]
[EventDate "2020.07.23"]
[EventType "swiss (blitz)"]

1. d4 {[%emt 0:00:01]} d5 {[%emt 0:00:01]} 2. Bf4 {[%emt 0:00:01]} e6 {[%emt 0:00:01]} 3. e3 {[%emt 0:00:00]} Nf6 {[%emt 0:00:00]} 4. c4 {[%emt 0:00:01]} g6 {[%emt 0:00:01]} 5. Nc3 {[%emt 0:00:01]} Nh5 {[%emt 0:00:01]} 6. Be5 {[%emt 0:00:02]} f6 {[%emt 0:00:02]} 7. Bg3 {[%emt 0:00:02]} c6 {[%emt 0:00:04]} 8. cxd5 {[%emt 0:00:01]} cxd5 {[%emt 0:00:02]} 9. Bd3 {[%emt 0:00:00]} Nc6 {[%emt 0:00:01]} 10. Nge2 {[%emt 0:00:01]} Nxg3 {[%emt 0:00:02]} 11. hxg3 {[%emt 0:00:01]} Bg7 {[%emt 0:00:02]} 12. Nf4 {[%emt 0:00:01]} Kf7 {[%emt 0:00:01]} 13. O-O {[%emt 0:00:02]} Ne7 {[%emt 0:00:01]} 14. Rc1 {[%emt 0:00:01]} Nf5 {[%emt 0:00:02]} 15. Bxf5 {[%emt 0:00:01]} gxf5 {[%emt 0:00:01]} 16. Qh5+ {[%emt 0:00:01]} Kg8 {[%emt 0:00:02]} 17. Nb5 {[%emt 0:00:01]} Bd7 {[%emt 0:00:01]} 18. Nc3 {[%emt 0:00:04]} Qe8 {[%emt 0:00:01]} 19. Qe2 {[%emt 0:00:01]} Qg6 {[%emt 0:00:02]} 20. Nxg6 {[%emt 0:00:01]} hxg6 {[%emt 0:00:01]} 21. Nb5 {[%emt 0:00:00]} a6 {[%emt 0:00:03]} 22. Nd6 {[%emt 0:00:03]} Rb8 {[%emt 0:00:01]} 23. Rc7 {[%emt 0:00:01]} Bc6 {[%emt 0:00:02]} 24. Rc1 {[%emt 0:00:02]} Kh7 {[%emt 0:00:01]} 25. R1xc6 {[%emt 0:00:07]} bxc6 {[%emt 0:00:02]} 26. Rxc6 {[%emt 0:00:00]} Rhd8 {[%emt 0:00:02]} 27. Rxa6 {[%emt 0:00:01]} Rb4 {[%emt 0:00:05]} 28. a3 {[%emt 0:00:02]} Rbb8 {[%emt 0:00:02]} 29. b4 {[%emt 0:00:01]} e5 {[%emt 0:00:02]} 30. b5 {[%emt 0:00:01]} exd4 {[%emt 0:00:01]} 31. exd4 {[%emt 0:00:00]} Bf8 {[%emt 0:00:02]} 32. Ra7+ {[%emt 0:00:01]} Kg8 {[%emt 0:00:02]} 33. Qe6+ {[%emt 0:00:02]} Kh8 {[%emt 0:00:03]} 34. Qxf6+ {[%emt 0:00:01]} Kg8 {[%emt 0:00:02]} 35. Qxg6+ {[%emt 0:00:01]} Kh8 {[%emt 0:00:01]} 36. Nf7# {[%emt 0:00:01] (Lag: Av=0.64s, max=1.7s)} 1-0

[Event "Stay Safe Play From Home 326"]
[Site "Mustafa Kemal Atatürk"]
[Date "2020.07.23"]
[Round "1"]
[White "SoulofWolf"]
[Black "Mandy"]
[Result "1-0"]
[WhiteElo "2092"]
[BlackElo "871"]
[Annotator "NA"]
[PlyCount "29"]
[EventDate "2020.07.23"]
[EventType "swiss (blitz)"]

1. f4 {[%emt 0:00:01]} Nf6 {[%emt 0:00:03]} 2. Nc3 {[%emt 0:00:01]} e6 {[%emt 0:00:02]} 3. e4 {[%emt 0:00:01]} d5 {[%emt 0:00:01]} 4. e5 {[%emt 0:00:00]} Ne4 {[%emt 0:00:05]} 5. Nxe4 {[%emt 0:00:00]} dxe4 {[%emt 0:00:02]} 6. d3 {[%emt 0:00:00]} Bc5 {[%emt 0:00:09]} 7. Bd2 {[%emt 0:00:02]} Bd7 {[%emt 0:00:06]} 8. dxe4 {[%emt 0:00:02]} Bxg1 {[%emt 0:00:03]} 9. Rxg1 {[%emt 0:00:01]} Nc6 {[%emt 0:00:01]} 10. Bc3 {[%emt 0:00:07]} O-O {[%emt 0:00:04]} 11. Qd2 {[%emt 0:00:01]} Qe7 {[%emt 0:00:02]} 12. O-O-O {[%emt 0:00:01]} Rad8 {[%emt 0:00:05]} 13. Qe3 {[%emt 0:00:01]} b6 {[%emt 0:00:08]} 14. g4 {[%emt 0:00:01]} f6 {[%emt 0:00:08]} 15. exf6 {[%emt 0:00:02] Zeit (Lag: Av=0.55s, max=0.7s)} 1-0

[Event "Stay Safe Play From Home 326"]
[Site "Mustafa Kemal Atatürk"]
[Date "2020.07.23"]
[Round "1"]
[White "Haxhi Baha"]
[Black "Trotsky"]
[Result "1-0"]
[WhiteElo "2061"]
[BlackElo "1588"]
[Annotator "NA"]
[PlyCount "57"]
[EventDate "2020.07.23"]
[EventType "swiss (blitz)"]

1. e4 {[%emt 0:00:01]} c5 {[%emt 0:00:01]} 2. Nf3 {[%emt 0:00:01]} e6 {[%emt 0:00:00]} 3. d4 {[%emt 0:00:00]} d5 {[%emt 0:00:01]} 4. exd5 {[%emt 0:00:01]} exd5 {[%emt 0:00:01]} 5. Nc3 {[%emt 0:00:00]} Be6 {[%emt 0:00:01]} 6. Ng5 {[%emt 0:00:02]} h5 {[%emt 0:00:03]} 7. Bb5+ {[%emt 0:00:01]} Nc6 {[%emt 0:00:02]} 8. Nxe6 {[%emt 0:00:01]} fxe6 {[%emt 0:00:01]} 9. O-O {[%emt 0:00:01]} Qc7 {[%emt 0:00:01]} 10. Re1 {[%emt 0:00:01]} O-O-O {[%emt 0:00:01]} 11. Rxe6 {[%emt 0:00:01]} Nf6 {[%emt 0:00:01]} 12. Bxc6 {[%emt 0:00:02]} bxc6 {[%emt 0:00:01]} 13. Bg5 {[%emt 0:00:01]} Ng4 {[%emt 0:00:04]} 14. g3 {[%emt 0:00:07]} Bd6 {[%emt 0:00:09]} 15. Bxd8 {[%emt 0:00:05]} Qxd8 {[%emt 0:00:02]} 16. Qf3 {[%emt 0:00:03]} Qg5 {[%emt 0:00:04]} 17. Rxd6 {[%emt 0:00:04]} h4 {[%emt 0:00:03]} 18. Rxc6+ {[%emt 0:00:01]} Kb7 {[%emt 0:00:02]} 19. Rxc5 {[%emt 0:00:02]} hxg3 {[%emt 0:00:01]} 20. Qxd5+ {[%emt 0:00:01]} Qxd5 {[%emt 0:00:02]} 21. Rxd5 {[%emt 0:00:00]} gxf2+ {[%emt 0:00:01]} 22. Kg2 {[%emt 0:00:04]} Rxh2+ {[%emt 0:00:02]} 23. Kg3 {[%emt 0:00:01]} Kc6 {[%emt 0:00:08]} 24. Rf5 {[%emt 0:00:01]} Ne3 {[%emt 0:00:03]} 25. Rxf2 {[%emt 0:00:03]} Rxf2 {[%emt 0:00:02]} 26. Kxf2 {[%emt 0:00:01]} Nxc2 {[%emt 0:00:01]} 27. Rc1 {[%emt 0:00:00]} Nxd4 {[%emt 0:00:01]} 28. Ne4+ {[%emt 0:00:02] .} Kd5 {[%emt 0:00:01]} 29. Nc3+ {[%emt 0:00:02] Âðåìÿ ' (Lag: Av=0.52s, max=0.8s)} 1-0

[Event "Stay Safe Play From Home 326"]
[Site "Mustafa Kemal Atatürk"]
[Date "2020.07.23"]
[Round "1"]
[White "Stefanone"]
[Black "Broken sword"]
[Result "0-1"]
[WhiteElo "2045"]
[BlackElo "2498"]
[Annotator "TA"]
[PlyCount "122"]
[EventDate "2020.07.23"]
[EventType "swiss (blitz)"]

{[%evp 9,122,-18,33,22,23,-9,-7,-22,-5,-43,-42,-68,-73,-70,-63,-90,-37,-57,-61,-58,-48,-254,-53,-54,-52,-94,-46,-54,-45,-52,6,0,0,0,0,8,8,-10,-10,-38,-13,-43,-49,-130,-123,-208,-166,-152,-64,-66,-63,-62,-25,-128,-105,-98,-103,-156,-114,-263,-221,-262,-257,-299,-300,-450,-458,-425,-145,-390,-145,-616,-582,-1570,-1395,-1550,-1482,-1554,-1433,-1341,-1246,-983,-708,-1917,-1779,-1517,-1253,-2066,-2082,-29968,-29958,-29974,-29965,-5097,-2341,-29977,-29978,-29978,-29978,-29984,-29973,-29976,-29975,-29977,-29977,-29970,-29972,-29977,-29978,-29979,-29976,-29979,-29980,-29990,-29991]} 1. e4 c5 2. d3 e6 3. Nd2 a6 4. Ngf3 d5 5. Be2 b5 (5... Nf6 $11) 6. c3 {C00: French: Unusual White 2nd moves.} Bb7 {[#]} 7. Qc2 $146 ({Predecessor:} 7. O-O Nf6 8. e5 Nfd7 9. d4 Nc6 10. Nb3 c4 11. Nbd2 Be7 12. Re1 a5 13. a3 {0-1 (60) Chornozem,S-Dzhangirov,D (2253) Kiev 2005}) 7... Nf6 8. O-O {The position is equal.} Nc6 9. g3 Be7 10. Nh4 dxe4 11. dxe4 O-O 12. Ng2 Nd7 (12... c4 $17) 13. f4 c4 14. e5 Nc5 15. Ne4 $2 {[#]} (15. Nf3 $15) 15... Nxe4 $2 (15... Nxe5 $1 $19 {[%mdl 512]} 16. Ng5 (16. fxe5 Bxe4) 16... Bxg5 17. fxe5 Bxc1 18. Qxc1 Qc7) 16. Qxe4 $15 Qc7 17. Qc2 Rad8 18. Bf3 Bc5+ 19. Be3 Qb6 ({Better is} 19... Bxe3+ $15 20. Nxe3 Rd3) 20. Bxc5 Qxc5+ 21. Qf2 Qxf2+ 22. Rxf2 Rd7 23. Re1 Rfd8 24. g4 h6 25. Ne3 Na5 26. Bxb7 (26. Be2 $15) 26... Nxb7 $17 27. g5 (27. h4 $17) 27... hxg5 28. fxg5 g6 (28... Nc5 $17 {And now ...Nd3 would win.} 29. Rfe2 Nd3) 29. Ng4 $15 {With the idea Nf6+.} Kg7 30. Nf6 Rd2 31. Ree2 {Black keeps a firm grip on the game.} (31. Rxd2 $11 {remains equal.} Rxd2 32. Re4) 31... Rxe2 32. Rxe2 $17 {[%mdl 4096] Endgame KRN-KRN} Nc5 33. Re3 (33. Kg2 $142) 33... Nd3 34. Rh3 (34. b3 $17 {was worth a try.}) 34... Kf8 ({Don't play} 34... Nxe5 35. Kf1 $19) 35. Rh8+ Ke7 36. Rxd8 Kxd8 $19 {KN-KN} 37. b3 (37. Kg2 $142) 37... cxb3 38. axb3 Nxe5 $2 {[#]} (38... a5 $19 {has better winning chances. Hoping for ...a4.} 39. Ng4 a4 40. bxa4 bxa4) 39. Ne4 $2 (39. b4 $17 {only move.}) 39... Ke7 $2 (39... a5 $19 {and Black stays clearly on top. aiming for ...a4.} 40. Nd2 a4 41. bxa4 bxa4) 40. h4 $2 {[%mdl 8192]} (40. b4 $17) 40... a5 41. Kf2 a4 42. bxa4 bxa4 43. Nd2 a3 44. Nb3 Kd6 45. Ke3 a2 46. Kd4 Nf3+ 47. Kd3 Nxh4 48. c4 Nf3 49. c5+ Kc6 50. Kc4 Nxg5 51. Na1 f5 52. Kb3 e5 {Black mates.} 53. Kxa2 Ne6 54. Kb3 Nxc5+ 55. Kc4 Ne6 56. Nc2 e4 57. Ne3 Kd6 58. Kc3 Ke5 59. Kd2 g5 60. Nc4+ Kd4 61. Ke2 Kxc4 {Accuracy: White = 37%, Black = 67%.} 0-1

[Event "Stay Safe Play From Home 326"]
[Site "Mustafa Kemal Atatürk"]
[Date "2020.07.23"]
[Round "1"]
[White "Lazieri3"]
[Black "SelamiSahin"]
[Result "1-0"]
[WhiteElo "2028"]
[BlackElo "2047"]
[Annotator "NA"]
[PlyCount "63"]
[EventDate "2020.07.23"]
[EventType "swiss (blitz)"]

1. e4 {[%emt 0:00:03]} c6 {[%emt 0:00:00]} 2. Nc3 {[%emt 0:00:02]} d5 {[%emt 0:00:00]} 3. exd5 {[%emt 0:00:01]} cxd5 {[%emt 0:00:00]} 4. d4 {[%emt 0:00:00]} Nc6 {[%emt 0:00:00]} 5. Nf3 {[%emt 0:00:00]} Bg4 {[%emt 0:00:00]} 6. Bf4 {[%emt 0:00:00]} e6 {[%emt 0:00:00]} 7. Be2 {[%emt 0:00:01]} Bb4 {[%emt 0:00:00]} 8. Ne5 {[%emt 0:00:01]} Bxe2 {[%emt 0:00:02]} 9. Kxe2 {[%emt 0:00:01]} Qa5 {[%emt 0:00:02]} 10. Nxc6 {[%emt 0:00:01]} bxc6 {[%emt 0:00:00]} 11. Bd2 {[%emt 0:00:02]} Nf6 {[%emt 0:00:01]} 12. Re1 {[%emt 0:00:02]} O-O {[%emt 0:00:01]} 13. Kf1 {[%emt 0:00:01]} Rab8 {[%emt 0:00:01]} 14. Kg1 {[%emt 0:00:02]} c5 {[%emt 0:00:01]} 15. dxc5 {[%emt 0:00:02]} Qxc5 {[%emt 0:00:00]} 16. a3 {[%emt 0:00:03]} Bxc3 {[%emt 0:00:03]} 17. Bxc3 {[%emt 0:00:00]} Ne4 {[%emt 0:00:00]} 18. Bd4 {[%emt 0:00:02]} Qe7 {[%emt 0:00:02]} 19. Rb1 {[%emt 0:00:03]} Rfc8 {[%emt 0:00:02]} 20. c3 {[%emt 0:00:01]} Nf6 {[%emt 0:00:01]} 21. Bxf6 {[%emt 0:00:01]} Qxf6 {[%emt 0:00:01]} 22. Qd3 {[%emt 0:00:02]} Rb6 {[%emt 0:00:02]} 23. h3 {[%emt 0:00:01]} Rcb8 {[%emt 0:00:01]} 24. b4 {[%emt 0:00:01]} Rc8 {[%emt 0:00:01]} 25. Rec1 {[%emt 0:00:01]} Rbc6 {[%emt 0:00:01]} 26. b5 {[%emt 0:00:01]} Rxc3 {[%emt 0:00:01]} 27. Rxc3 {[%emt 0:00:00]} Qxc3 {[%emt 0:00:01]} 28. Qxc3 {[%emt 0:00:01]} Rxc3 {[%emt 0:00:00]} 29. a4 {[%emt 0:00:01]} Rc7 {[%emt 0:00:04]} 30. a5 {[%emt 0:00:03]} Rb7 {[%emt 0:00:01]} 31. b6 {[%emt 0:00:01]} axb6 {[%emt 0:00:01]} 32. Rxb6 {[%emt 0:00:00] SelamiSahin terk eder (Lag: Av=0.59s, max=1.2s)} 1-0

[Event "Stay Safe Play From Home 326"]
[Site "Mustafa Kemal Atatürk"]
[Date "2020.07.23"]
[Round "1"]
[White "Justwatch"]
[Black "NeatFox"]
[Result "1-0"]
[WhiteElo "1664"]
[BlackElo "1822"]
[Annotator "NA"]
[PlyCount "101"]
[EventDate "2020.07.23"]
[EventType "swiss (blitz)"]

1. e4 {[%emt 0:00:02]} c6 {[%emt 0:00:00]} 2. Nf3 {[%emt 0:00:01]} d5 {[%emt 0:00:00]} 3. exd5 {[%emt 0:00:00]} cxd5 {[%emt 0:00:00]} 4. d4 {[%emt 0:00:00]} e6 {[%emt 0:00:01]} 5. Be3 {[%emt 0:00:00]} Nf6 {[%emt 0:00:01]} 6. Bb5+ {[%emt 0:00:00]} Bd7 {[%emt 0:00:01]} 7. Bxd7+ {[%emt 0:00:00]} Nbxd7 {[%emt 0:00:00]} 8. O-O {[%emt 0:00:00]} Qb6 {[%emt 0:00:00]} 9. h3 {[%emt 0:00:00]} Qxb2 {[%emt 0:00:01]} 10. Nbd2 {[%emt 0:00:00]} Qb6 {[%emt 0:00:01]} 11. c4 {[%emt 0:00:01]} Qc7 {[%emt 0:00:02]} 12. c5 {[%emt 0:00:01]} Be7 {[%emt 0:00:01]} 13. Qe2 {[%emt 0:00:01]} O-O {[%emt 0:00:01]} 14. Nb3 {[%emt 0:00:00]} a6 {[%emt 0:00:01]} 15. Qd2 {[%emt 0:00:00]} Rab8 {[%emt 0:00:01]} 16. Bf4 {[%emt 0:00:01]} e5 {[%emt 0:00:03]} 17. Nxe5 {[%emt 0:00:02]} Qd8 {[%emt 0:00:06]} 18. Nxd7 {[%emt 0:00:11]} Qxd7 {[%emt 0:00:01]} 19. Bxb8 {[%emt 0:00:01]} Rxb8 {[%emt 0:00:00]} 20. Rfe1 {[%emt 0:00:00]} Ne4 {[%emt 0:00:01]} 21. Qf4 {[%emt 0:00:01]} Bf6 {[%emt 0:00:01]} 22. Qxb8+ {[%emt 0:00:01]} Qd8 {[%emt 0:00:00]} 23. Qxd8+ {[%emt 0:00:01]} Bxd8 {[%emt 0:00:00]} 24. Rxe4 {[%emt 0:00:03]} dxe4 {[%emt 0:00:01]} 25. Re1 {[%emt 0:00:00]} f5 {[%emt 0:00:01]} 26. d5 {[%emt 0:00:01]} Be7 {[%emt 0:00:01]} 27. d6 {[%emt 0:00:00]} Bf6 {[%emt 0:00:00]} 28. Nd4 {[%emt 0:00:00]} Kf7 {[%emt 0:00:01]} 29. Nxf5 {[%emt 0:00:01]} Ke6 {[%emt 0:00:02]} 30. Ne3 {[%emt 0:00:01]} Kd7 {[%emt 0:00:01]} 31. Nd5 {[%emt 0:00:02]} Be5 {[%emt 0:00:02]} 32. Rxe4 {[%emt 0:00:02]} Bb2 {[%emt 0:00:01]} 33. Re7+ {[%emt 0:00:02]} Kd8 {[%emt 0:00:00]} 34. Nb6 {[%emt 0:00:01]} Ba3 {[%emt 0:00:00]} 35. Rc7 {[%emt 0:00:01]} Ke8 {[%emt 0:00:03]} 36. Rxg7 {[%emt 0:00:01]} Bxc5 {[%emt 0:00:02]} 37. d7+ {[%emt 0:00:00]} Kd8 {[%emt 0:00:02]} 38. Rg8+ {[%emt 0:00:02]} Kc7 {[%emt 0:00:01]} 39. d8=Q+ {[%emt 0:00:00]} Kc6 {[%emt 0:00:00]} 40. Qc8+ {[%emt 0:00:01]} Kb5 {[%emt 0:00:00]} 41. Nd5 {[%emt 0:00:02]} Bb6 {[%emt 0:00:00]} 42. Qxb7 {[%emt 0:00:01]} Kc5 {[%emt 0:00:01]} 43. Qxb6+ {[%emt 0:00:00]} Kxd5 {[%emt 0:00:00]} 44. Qxa6 {[%emt 0:00:00]} Ke5 {[%emt 0:00:01]} 45. Qh6 {[%emt 0:00:00]} Kf5 {[%emt 0:00:01]} 46. Qxh7+ {[%emt 0:00:00]} Kf6 {[%emt 0:00:01]} 47. Rg4 {[%emt 0:00:01]} Ke5 {[%emt 0:00:01]} 48. Qh5+ {[%emt 0:00:00]} Kf6 {[%emt 0:00:01]} 49. Rg6+ {[%emt 0:00:00]} Kf7 {[%emt 0:00:00]} 50. Qh7+ {[%emt 0:00:00]} Kf8 {[%emt 0:00:00]} 51. Rg8# {[%emt 0:00:00] (Lag: Av=0.53s, max=1.3s)} 1-0

[Event "Stay Safe Play From Home 326"]
[Site "Mustafa Kemal Atatürk"]
[Date "2020.07.23"]
[Round "1"]
[White "Meini"]
[Black "Lamborghini"]
[Result "0-1"]
[WhiteElo "1587"]
[BlackElo "2224"]
[PlyCount "94"]
[EventDate "2020.07.23"]
[EventType "swiss (blitz)"]

1. d4 {[%emt 0:00:02]} Nf6 {[%emt 0:00:15]} 2. Bf4 {[%emt 0:00:00]} g6 {[%emt 0:00:00]} 3. e3 {[%emt 0:00:01]} Bg7 {[%emt 0:00:00]} 4. Nf3 {[%emt 0:00:01]} O-O {[%emt 0:00:00]} 5. h3 {[%emt 0:00:00]} d6 {[%emt 0:00:00]} 6. Be2 {[%emt 0:00:01]} Nbd7 {[%emt 0:00:00]} 7. O-O {[%emt 0:00:01]} b6 {[%emt 0:00:00]} 8. Nbd2 {[%emt 0:00:01]} Bb7 {[%emt 0:00:00]} 9. c3 {[%emt 0:00:01]} c5 {[%emt 0:00:01]} 10. Qc2 {[%emt 0:00:01]} Rc8 {[%emt 0:00:01]} 11. Rad1 {[%emt 0:00:01]} Rc7 {[%emt 0:00:01]} 12. Qb1 {[%emt 0:00:01]} Qa8 {[%emt 0:00:01]} 13. Rfe1 {[%emt 0:00:04]} Rfc8 {[%emt 0:00:02]} 14. Rf1 {[%emt 0:00:01]} a6 {[%emt 0:00:02]} 15. Ne1 {[%emt 0:00:00]} b5 {[%emt 0:00:02]} 16. Bf3 {[%emt 0:00:00]} Nd5 {[%emt 0:00:03]} 17. Bg3 {[%emt 0:00:01]} cxd4 {[%emt 0:00:01]} 18. exd4 {[%emt 0:00:02]} Bh6 {[%emt 0:00:01]} 19. Nd3 {[%emt 0:00:04]} N7f6 {[%emt 0:00:01]} 20. Ne4 {[%emt 0:00:02]} Nxe4 {[%emt 0:00:02]} 21. Bxe4 {[%emt 0:00:01]} Qa7 {[%emt 0:00:03]} 22. Rfe1 {[%emt 0:00:02]} Nf6 {[%emt 0:00:02]} 23. Bf3 {[%emt 0:00:01]} Bxf3 {[%emt 0:00:02]} 24. gxf3 {[%emt 0:00:02]} Qb7 {[%emt 0:00:00]} 25. Kg2 {[%emt 0:00:01]} Nh5 {[%emt 0:00:01]} 26. Bh2 {[%emt 0:00:01]} f5 {[%emt 0:00:02]} 27. Qc2 {[%emt 0:00:01]} f4 {[%emt 0:00:03]} 28. Qe2 {[%emt 0:00:00]} Ng7 {[%emt 0:00:04]} 29. Nxf4 {[%emt 0:00:03]} Bxf4 {[%emt 0:00:02]} 30. Bxf4 {[%emt 0:00:01]} Rf8 {[%emt 0:00:00]} 31. Bg5 {[%emt 0:00:01]} Rd7 {[%emt 0:00:01]} 32. Qe4 {[%emt 0:00:03]} Nf5 {[%emt 0:00:01]} 33. Qxb7 {[%emt 0:00:02]} Rxb7 {[%emt 0:00:00]} 34. Re2 {[%emt 0:00:01]} Rf7 {[%emt 0:00:00]} 35. Rde1 {[%emt 0:00:01]} h6 {[%emt 0:00:00]} 36. f4 {[%emt 0:00:01]} Kf8 {[%emt 0:00:00]} 37. Bxh6+ {[%emt 0:00:01]} Nxh6 {[%emt 0:00:01]} 38. f5 {[%emt 0:00:01]} Nxf5 {[%emt 0:00:00]} 39. f4 {[%emt 0:00:01]} Nh4+ {[%emt 0:00:00]} 40. Kg3 {[%emt 0:00:01]} Nf5+ {[%emt 0:00:00]} 41. Kg4 {[%emt 0:00:01]} e5 {[%emt 0:00:00]} 42. h4 {[%emt 0:00:01]} Nh6+ {[%emt 0:00:00]} 43. Kg3 {[%emt 0:00:02]} Rxf4 {[%emt 0:00:01]} 44. Rxe5 {[%emt 0:00:02]} Nf5+ {[%emt 0:00:00]} 45. Kg2 {[%emt 0:00:02]} dxe5 {[%emt 0:00:01]} 46. Re2 {[%emt 0:00:00]} Nxh4+ {[%emt 0:00:01]} 47. Kg1 {[%emt 0:00:01]} Rbf7 {[%emt 0:00:00] Zeit (Lag: Av=0.43s, max=1.1s)} 0-1

[Event "Stay Safe Play From Home 326"]
[Site "Mustafa Kemal Atatürk"]
[Date "2020.07.23"]
[Round "1"]
[White "Klasman"]
[Black "AChessPlayer"]
[Result "0-1"]
[WhiteElo "1372"]
[BlackElo "2355"]
[PlyCount "20"]
[EventDate "2020.07.23"]
[EventType "swiss (blitz)"]

1. f4 {[%emt 0:00:03]} e5 {[%emt 0:00:02]} 2. fxe5 {[%emt 0:00:01]} d6 {[%emt 0:00:00]} 3. Nf3 {[%emt 0:00:02]} Nc6 {[%emt 0:00:01]} 4. e4 {[%emt 0:00:01]} dxe5 {[%emt 0:00:00]} 5. Bb5 {[%emt 0:00:01]} Bc5 {[%emt 0:00:01]} 6. b4 {[%emt 0:00:10]} Bb6 {[%emt 0:00:01]} 7. c4 {[%emt 0:00:12]} Bd4 {[%emt 0:00:02]} 8. Nc3 {[%emt 0:00:02]} Nge7 {[%emt 0:00:02]} 9. Bxc6+ {[%emt 0:00:07]} bxc6 {[%emt 0:00:01]} 10. d3 {[%emt 0:00:03]} Bxc3+ {[%emt 0:00:01] Klasman resigns (Lag: Av=0.47s, max=0.5s)} 0-1

[Event "Stay Safe Play From Home 326"]
[Site "Mustafa Kemal Atatürk"]
[Date "2020.07.23"]
[Round "2"]
[White "Mepe_Nika"]
[Black "Haxhi Baha"]
[Result "0-1"]
[WhiteElo "2388"]
[BlackElo "2064"]
[PlyCount "80"]
[EventDate "2020.07.23"]
[EventType "swiss (blitz)"]

1. g3 {[%emt 0:00:02]} e6 {[%emt 0:00:01]} 2. Bg2 {[%emt 0:00:00]} d5 {[%emt 0:00:00]} 3. c4 {[%emt 0:00:01]} Be7 {[%emt 0:00:00]} 4. b3 {[%emt 0:00:01]} c6 {[%emt 0:00:01]} 5. Bb2 {[%emt 0:00:01]} h5 {[%emt 0:00:01]} 6. Bxg7 {[%emt 0:00:02]} Bf6 {[%emt 0:00:02]} 7. Bxf6 {[%emt 0:00:01]} Qxf6 {[%emt 0:00:02]} 8. Nc3 {[%emt 0:00:00]} h4 {[%emt 0:00:01]} 9. cxd5 {[%emt 0:00:02]} exd5 {[%emt 0:00:01]} 10. Nf3 {[%emt 0:00:02]} h3 {[%emt 0:00:02]} 11. Bf1 {[%emt 0:00:01]} Ne7 {[%emt 0:00:02]} 12. d4 {[%emt 0:00:01]} Bg4 {[%emt 0:00:01]} 13. Qd3 {[%emt 0:00:02]} Nd7 {[%emt 0:00:02]} 14. Nd2 {[%emt 0:00:03]} O-O-O {[%emt 0:00:04]} 15. e3 {[%emt 0:00:01]} Bf5 {[%emt 0:00:03]} 16. Qe2 {[%emt 0:00:03]} Ng6 {[%emt 0:00:01]} 17. f3 {[%emt 0:00:01]} Rde8 {[%emt 0:00:01]} 18. Kf2 {[%emt 0:00:04]} Ngf8 {[%emt 0:00:02]} 19. Qe1 {[%emt 0:00:08]} Ne6 {[%emt 0:00:01]} 20. Be2 {[%emt 0:00:01]} Nxd4 {[%emt 0:00:02]} 21. Nf1 {[%emt 0:00:03]} Nc2 {[%emt 0:00:01]} 22. Qd2 {[%emt 0:00:01]} Nxa1 {[%emt 0:00:01]} 23. g4 {[%emt 0:00:00]} Bg6 {[%emt 0:00:02]} 24. Ng3 {[%emt 0:00:01]} Nc2 {[%emt 0:00:01]} 25. Bd3 {[%emt 0:00:02]} Nxe3 {[%emt 0:00:03]} 26. Re1 {[%emt 0:00:03]} Nxg4+ {[%emt 0:00:02]} 27. Kg1 {[%emt 0:00:00]} Rxe1+ {[%emt 0:00:01]} 28. Qxe1 {[%emt 0:00:00]} Qd4+ {[%emt 0:00:01]} 29. Kh1 {[%emt 0:00:03]} Nf2+ {[%emt 0:00:01]} 30. Kg1 {[%emt 0:00:01]} Nxd3+ {[%emt 0:00:01]} 31. Kf1 {[%emt 0:00:01]} Nxe1 {[%emt 0:00:00]} 32. Nce2 {[%emt 0:00:01]} Qc3 {[%emt 0:00:00]} 33. Kf2 {[%emt 0:00:01]} Nd3+ {[%emt 0:00:01]} 34. Ke3 {[%emt 0:00:01]} d4+ {[%emt 0:00:00]} 35. Nxd4 {[%emt 0:00:02]} N3c5+ {[%emt 0:00:01]} 36. Kf4 {[%emt 0:00:01]} Qxd4+ {[%emt 0:00:01]} 37. Kg5 {[%emt 0:00:00]} Qe5+ {[%emt 0:00:01]} 38. Kg4 {[%emt 0:00:01]} Bh5+ {[%emt 0:00:02]} 39. Nxh5 {[%emt 0:00:01]} Qxh5+ {[%emt 0:00:02]} 40. Kg3 {[%emt 0:00:00]} Qh4# {[%emt 0:00:00] (Lag: Av=0.92s, max=1.9s)} 0-1

[Event "Stay Safe Play From Home 326"]
[Site "Mustafa Kemal Atatürk"]
[Date "2020.07.23"]
[Round "2"]
[White "AChessPlayer"]
[Black "Justwatch"]
[Result "1-0"]
[WhiteElo "2356"]
[BlackElo "1688"]
[PlyCount "57"]
[EventDate "2020.07.23"]
[EventType "swiss (blitz)"]

1. Nf3 {[%emt 0:00:01]} Nf6 {[%emt 0:00:00]} 2. g3 {[%emt 0:00:01]} d5 {[%emt 0:00:00]} 3. Bg2 {[%emt 0:00:00]} Nc6 {[%emt 0:00:01]} 4. O-O {[%emt 0:00:00]} g6 {[%emt 0:00:00]} 5. d4 {[%emt 0:00:00]} Bg7 {[%emt 0:00:00]} 6. b3 {[%emt 0:00:01]} O-O {[%emt 0:00:00]} 7. Bb2 {[%emt 0:00:00]} Bd7 {[%emt 0:00:01]} 8. Nbd2 {[%emt 0:00:00]} Qc8 {[%emt 0:00:00]} 9. Re1 {[%emt 0:00:00]} Bh3 {[%emt 0:00:02]} 10. Bh1 {[%emt 0:00:01]} Bg4 {[%emt 0:00:00]} 11. Ne5 {[%emt 0:00:01]} Nxe5 {[%emt 0:00:01]} 12. dxe5 {[%emt 0:00:00]} Nd7 {[%emt 0:00:01]} 13. Nf3 {[%emt 0:00:02]} Bxf3 {[%emt 0:00:01]} 14. exf3 {[%emt 0:00:00]} e6 {[%emt 0:00:00]} 15. f4 {[%emt 0:00:00]} c6 {[%emt 0:00:01]} 16. Qd3 {[%emt 0:00:02]} Nb6 {[%emt 0:00:00]} 17. c4 {[%emt 0:00:02]} dxc4 {[%emt 0:00:02]} 18. bxc4 {[%emt 0:00:00]} Qd8 {[%emt 0:00:03]} 19. Qc2 {[%emt 0:00:00]} Qe7 {[%emt 0:00:03]} 20. a4 {[%emt 0:00:03]} Qc5 {[%emt 0:00:01]} 21. Ba3 {[%emt 0:00:03]} Qxc4 {[%emt 0:00:01]} 22. Qxc4 {[%emt 0:00:01]} Nxc4 {[%emt 0:00:01]} 23. Bxf8 {[%emt 0:00:00]} Rxf8 {[%emt 0:00:02]} 24. Rec1 {[%emt 0:00:00]} Nd2 {[%emt 0:00:03]} 25. Rc2 {[%emt 0:00:05]} Rd8 {[%emt 0:00:03]} 26. Rd1 {[%emt 0:00:02]} Nf3+ {[%emt 0:00:03]} 27. Bxf3 {[%emt 0:00:01]} Rxd1+ {[%emt 0:00:02]} 28. Bxd1 {[%emt 0:00:00]} Bf8 {[%emt 0:00:01]} 29. Rd2 {[%emt 0:00:01] Justwatch terk eder (Lag: Av=0.46s, max=0.6s)} 1-0